ADA : una herramienta para trabajar /
Video sobre el Acta Americana de la Incapacidad (ADA) donde se explican las condiciones y derechos de contratación laboral que tienen las personas con impedimentos físicos o mentales en Estados Unidos.
Kaydedildi:
| Materyal Türü: | |
|---|---|
| Dil: | İspanyolca |
| Baskı/Yayın Bilgisi: |
Virginia Beach, EUA :
Coastal,
1992, c1992
México : Coastal [distribución], 1992, c1992 |
| Seri Bilgileri: | (Diversidad/Incapacidad)
|
| Konular: | |
| Etiketler: |
Etiket eklenmemiş, İlk siz ekleyin!
|
MARC
| LEADER | 00000ngm^a2200000^a^4500 | ||
|---|---|---|---|
| 001 | 000179065 | ||
| 005 | 20250521000000.0 | ||
| 009 | 20260310101810.328 | ||
| 037 | |a Acervo ITESO - Biblioteca | ||
| 041 | |a ESP | ||
| 082 | |a 331. 59 |b ADA | ||
| 245 | 0 | 0 | |a ADA : |b una herramienta para trabajar / |
| 246 | 2 | |a Título en la pantalla: ADA. El acta de americanos incapacitados | |
| 264 | 4 | |a Virginia Beach, EUA : |b Coastal, |c 1992, c1992 | |
| 264 | 4 | |a México : |b Coastal [distribución], |c 1992, c1992 | |
| 300 | |a 1 videocasete VHS |c (18 min.) | ||
| 336 | |a imagen móvil bidimensional |b tdi |2 rdacontenido | ||
| 337 | |a video |b v |2 rdamedio | ||
| 338 | |a videocasete |b vf |2 rdasoporte | ||
| 440 | 1 | |a (Diversidad/Incapacidad) | |
| 520 | |a Video sobre el Acta Americana de la Incapacidad (ADA) donde se explican las condiciones y derechos de contratación laboral que tienen las personas con impedimentos físicos o mentales en Estados Unidos. | ||
| 546 | |a Doblaje al español | ||
| 649 | |a XX | ||
| 650 | |a Discapacitados - |z EUA - |x Condiciones Laborales | ||
| 650 | |a Discapacitados - |z EUA - |x Condiciones Jurídicas | ||
| 650 | |a Selección y Contratación de Personal - |x EUA | ||
| 650 | |a Recursos Humanos - |z EUA | ||
| 650 | |a Empleo y Desempleo - |z EUA | ||
| 650 | |a Discriminación - |z EUA | ||
| 650 | |a Justicia e Injusticia - |z EUA | ||
| 650 | |a Derecho Laboral - |z EUA | ||
| 650 | |a Economía Laboral | ||
| 910 | |a Fondo General | ||
| 920 | |a Audiovisuales - Videocasetes | ||
| 905 | |a 301 | ||
| 901 | |a 0500094005 |b IT2 |c VIS |u 20250521 | ||
| 902 | |a https://opac.biblio.iteso.mx/vufind/Record/000179065 | ||